<?xml version="1.0" encoding="UTF-8"?>
<record
    xmlns:xsi="http://www.w3.org/2001/XMLSchema-instance"
    xsi:schemaLocation="http://www.loc.gov/MARC21/slim http://www.loc.gov/standards/marcxml/schema/MARC21slim.xsd"
    xmlns="http://www.loc.gov/MARC21/slim">

  <leader>00920nam a22002177a 4500</leader>
  <controlfield tag="008">120723t        xxu||||| |||| 00| 0 eng d</controlfield>
  <datafield tag="020" ind1=" " ind2=" ">
    <subfield code="a">0471158704</subfield>
  </datafield>
  <datafield tag="050" ind1=" " ind2=" ">
    <subfield code="a">T385.B13</subfield>
  </datafield>
  <datafield tag="100" ind1=" " ind2=" ">
    <subfield code="a">Bacon, Marie Lynn.</subfield>
  </datafield>
  <datafield tag="245" ind1=" " ind2=" ">
    <subfield code="a">Getting started with microsoft powerpoint 7.0 for windows 95. /</subfield>
    <subfield code="c">Lynn Marie Bacon</subfield>
  </datafield>
  <datafield tag="260" ind1=" " ind2=" ">
    <subfield code="a">New York:</subfield>
    <subfield code="b">John Wiley &amp; Sons,</subfield>
    <subfield code="c">1997.</subfield>
  </datafield>
  <datafield tag="300" ind1=" " ind2=" ">
    <subfield code="a">xii, 217 p.:</subfield>
    <subfield code="b">ill.;</subfield>
    <subfield code="c">25cm.</subfield>
  </datafield>
  <datafield tag="500" ind1=" " ind2=" ">
    <subfield code="a">Includes index.</subfield>
  </datafield>
  <datafield tag="505" ind1=" " ind2=" ">
    <subfield code="a">Contents: Windows 95 basics -- Introduction -- Creating a presentation -- Editing a presentation -- Formating a presentation -- Inserting objects in a presentation -- Using drawing tools in a presentation -- Creating a slide show -- Appendix.</subfield>
  </datafield>
  <datafield tag="650" ind1=" " ind2=" ">
    <subfield code="a">Presentation graphics software. </subfield>
  </datafield>
  <datafield tag="650" ind1=" " ind2=" ">
    <subfield code="a">Microsoft PowerPoint (Computer file) </subfield>
  </datafield>
  <datafield tag="650" ind1=" " ind2=" ">
    <subfield code="a">Microsoft PowerPoint for Windows. </subfield>
  </datafield>
  <datafield tag="700" ind1=" " ind2=" ">
    <subfield code="a">Kronstadt, Babette</subfield>
  </datafield>
  <datafield tag="700" ind1=" " ind2=" ">
    <subfield code="a">Sachs, David</subfield>
  </datafield>
  <datafield tag="942" ind1=" " ind2=" ">
    <subfield code="2">lcc</subfield>
    <subfield code="c">BK</subfield>
  </datafield>
  <datafield tag="999" ind1=" " ind2=" ">
    <subfield code="c">1790</subfield>
    <subfield code="d">9290</subfield>
  </datafield>
  <datafield tag="952" ind1=" " ind2=" ">
    <subfield code="0">0</subfield>
    <subfield code="1">0</subfield>
    <subfield code="2">lcc</subfield>
    <subfield code="4">0</subfield>
    <subfield code="7">0</subfield>
    <subfield code="a">WIUC-1</subfield>
    <subfield code="b">WIUC-1</subfield>
    <subfield code="c">GEN</subfield>
    <subfield code="d">2012-07-23</subfield>
    <subfield code="l">0</subfield>
    <subfield code="o">T385.B13</subfield>
    <subfield code="p">5866/12</subfield>
    <subfield code="r">2012-07-23 00:00:00</subfield>
    <subfield code="t">1</subfield>
    <subfield code="w">2012-07-23</subfield>
    <subfield code="y">BK</subfield>
  </datafield>
  <datafield tag="952" ind1=" " ind2=" ">
    <subfield code="0">0</subfield>
    <subfield code="1">0</subfield>
    <subfield code="2">lcc</subfield>
    <subfield code="4">0</subfield>
    <subfield code="7">0</subfield>
    <subfield code="a">WIUC-1</subfield>
    <subfield code="b">WIUC-1</subfield>
    <subfield code="c">GEN</subfield>
    <subfield code="d">2012-07-23</subfield>
    <subfield code="l">0</subfield>
    <subfield code="o">T385.B131</subfield>
    <subfield code="p">5867/12</subfield>
    <subfield code="r">2012-07-23 00:00:00</subfield>
    <subfield code="t">2</subfield>
    <subfield code="w">2012-07-23</subfield>
    <subfield code="y">BK</subfield>
  </datafield>
  <datafield tag="952" ind1=" " ind2=" ">
    <subfield code="0">0</subfield>
    <subfield code="1">0</subfield>
    <subfield code="2">lcc</subfield>
    <subfield code="4">0</subfield>
    <subfield code="7">0</subfield>
    <subfield code="a">WIUC-1</subfield>
    <subfield code="b">WIUC-1</subfield>
    <subfield code="c">GEN</subfield>
    <subfield code="d">2012-07-23</subfield>
    <subfield code="l">0</subfield>
    <subfield code="o">T385.B132</subfield>
    <subfield code="p">5868/12</subfield>
    <subfield code="r">2012-07-23 00:00:00</subfield>
    <subfield code="t">3</subfield>
    <subfield code="w">2012-07-23</subfield>
    <subfield code="y">BK</subfield>
  </datafield>
  <datafield tag="952" ind1=" " ind2=" ">
    <subfield code="0">0</subfield>
    <subfield code="1">0</subfield>
    <subfield code="2">lcc</subfield>
    <subfield code="4">0</subfield>
    <subfield code="7">0</subfield>
    <subfield code="a">WIUC-1</subfield>
    <subfield code="b">WIUC-1</subfield>
    <subfield code="c">GEN</subfield>
    <subfield code="d">2012-07-23</subfield>
    <subfield code="l">0</subfield>
    <subfield code="o">T385.B133</subfield>
    <subfield code="p">5869/12</subfield>
    <subfield code="r">2012-07-23 00:00:00</subfield>
    <subfield code="t">4</subfield>
    <subfield code="w">2012-07-23</subfield>
    <subfield code="y">BK</subfield>
  </datafield>
  <datafield tag="952" ind1=" " ind2=" ">
    <subfield code="0">0</subfield>
    <subfield code="1">0</subfield>
    <subfield code="2">lcc</subfield>
    <subfield code="4">0</subfield>
    <subfield code="7">0</subfield>
    <subfield code="a">WIUC-1</subfield>
    <subfield code="b">WIUC-1</subfield>
    <subfield code="c">GEN</subfield>
    <subfield code="d">2012-07-23</subfield>
    <subfield code="l">0</subfield>
    <subfield code="o">T385.B134</subfield>
    <subfield code="p">5870/12</subfield>
    <subfield code="r">2012-07-23 00:00:00</subfield>
    <subfield code="t">5</subfield>
    <subfield code="w">2012-07-23</subfield>
    <subfield code="y">BK</subfield>
  </datafield>
  <datafield tag="952" ind1=" " ind2=" ">
    <subfield code="0">0</subfield>
    <subfield code="1">0</subfield>
    <subfield code="2">lcc</subfield>
    <subfield code="4">0</subfield>
    <subfield code="7">0</subfield>
    <subfield code="a">WIUC-1</subfield>
    <subfield code="b">WIUC-1</subfield>
    <subfield code="c">GEN</subfield>
    <subfield code="d">2012-07-23</subfield>
    <subfield code="l">0</subfield>
    <subfield code="o">T385.B135</subfield>
    <subfield code="p">5871/12</subfield>
    <subfield code="r">2012-07-23 00:00:00</subfield>
    <subfield code="t">6</subfield>
    <subfield code="w">2012-07-23</subfield>
    <subfield code="y">BK</subfield>
  </datafield>
  <datafield tag="952" ind1=" " ind2=" ">
    <subfield code="0">0</subfield>
    <subfield code="1">0</subfield>
    <subfield code="2">lcc</subfield>
    <subfield code="4">0</subfield>
    <subfield code="7">0</subfield>
    <subfield code="a">WIUC-1</subfield>
    <subfield code="b">WIUC-1</subfield>
    <subfield code="c">GEN</subfield>
    <subfield code="d">2012-07-23</subfield>
    <subfield code="l">0</subfield>
    <subfield code="o">T385.B136</subfield>
    <subfield code="p">5872/12</subfield>
    <subfield code="r">2012-07-23 00:00:00</subfield>
    <subfield code="t">7</subfield>
    <subfield code="w">2012-07-23</subfield>
    <subfield code="y">BK</subfield>
  </datafield>
  <datafield tag="952" ind1=" " ind2=" ">
    <subfield code="0">0</subfield>
    <subfield code="1">0</subfield>
    <subfield code="2">lcc</subfield>
    <subfield code="4">0</subfield>
    <subfield code="7">0</subfield>
    <subfield code="a">WIUC-1</subfield>
    <subfield code="b">WIUC-1</subfield>
    <subfield code="c">GEN</subfield>
    <subfield code="d">2012-07-23</subfield>
    <subfield code="l">0</subfield>
    <subfield code="o">T385.B137</subfield>
    <subfield code="p">5873/12</subfield>
    <subfield code="r">2012-07-23 00:00:00</subfield>
    <subfield code="t">8</subfield>
    <subfield code="w">2012-07-23</subfield>
    <subfield code="y">BK</subfield>
  </datafield>
  <datafield tag="952" ind1=" " ind2=" ">
    <subfield code="0">0</subfield>
    <subfield code="1">0</subfield>
    <subfield code="2">lcc</subfield>
    <subfield code="4">0</subfield>
    <subfield code="7">0</subfield>
    <subfield code="a">WIUC-1</subfield>
    <subfield code="b">WIUC-1</subfield>
    <subfield code="c">GEN</subfield>
    <subfield code="d">2012-07-23</subfield>
    <subfield code="l">0</subfield>
    <subfield code="o">T385.B138</subfield>
    <subfield code="p">5874/12</subfield>
    <subfield code="r">2012-07-23 00:00:00</subfield>
    <subfield code="t">9</subfield>
    <subfield code="w">2012-07-23</subfield>
    <subfield code="y">BK</subfield>
  </datafield>
  <datafield tag="952" ind1=" " ind2=" ">
    <subfield code="0">0</subfield>
    <subfield code="1">0</subfield>
    <subfield code="2">lcc</subfield>
    <subfield code="4">0</subfield>
    <subfield code="7">0</subfield>
    <subfield code="a">WIUC-1</subfield>
    <subfield code="b">WIUC-1</subfield>
    <subfield code="c">GEN</subfield>
    <subfield code="d">2012-07-23</subfield>
    <subfield code="l">0</subfield>
    <subfield code="o">T385.B139</subfield>
    <subfield code="p">5875/12</subfield>
    <subfield code="r">2012-07-23 00:00:00</subfield>
    <subfield code="t">10</subfield>
    <subfield code="w">2012-07-23</subfield>
    <subfield code="y">BK</subfield>
  </datafield>
</record>
